Футбол: простые комбинации

書目詳細資料
主要作者: Симаков В. И. Вячеслав Иванович
總結:Исключено из фонда НТБ ТПУ
語言:俄语
出版: Москва, Физкультура и спорт, 1987
主題:
格式: 圖書
KOHA link:https://koha.lib.tpu.ru/cgi-bin/koha/opac-detail.pl?biblionumber=125804

MARC

LEADER 00000nam0a2200000 4500
001 125804
005 20250606101318.0
035 |a (RuTPU)RU\TPU\book\136117 
090 |a 125804 
100 |a 20071121d1987 u a0rusy5003 ca 
101 0 |a rus 
102 |a RU 
105 |a y z 000zy 
200 1 |a Футбол  |e простые комбинации  |f В. И. Симаков 
210 |a Москва  |c Физкультура и спорт  |d 1987 
215 |a 143,[1] с.  |c ил. 
333 |a Исключено из фонда НТБ ТПУ 
610 1 |a футбол 
610 1 |a спорт 
610 1 |a тактика 
610 1 |a комбинации 
610 1 |a передачи мяча 
675 |a 799.16 
700 1 |a Симаков  |b В. И.  |g Вячеслав Иванович  |4 070 
801 0 |a RU  |b RuMRKP  |c 19950417  |g psbo 
801 1 |a RU  |b 63413507  |c 20071121  |g PSBO 
801 2 |a RU  |b 63413507  |c 20100922  |g PSBO 
850 |a 63413507 
942 |c BK